[Event "EU-chT (Men) 10th"]
[Site "Debrecen"]
[Date "1992.11.??"]
[Round "2.2"]
[White "Romanishin, Oleg M"]
[Black "Ernst, Thomas"]
[Result "1-0"]
[WhiteElo "2595"]
[BlackElo "2535"]
[Annotator "Bulletin"]
[PlyCount "57"]
[EventDate "1992.11.20"]
[EventType "team-swiss"]
[EventRounds "9"]
[EventCountry "HUN"]
[SourceTitle "EU-chT"]
[Source "ChessBase"]
[SourceDate "1999.07.01"]
[SourceVersion "2"]
[SourceVersionDate "1999.07.01"]
[SourceQuality "1"]
[WhiteTeam "Ukraine"]
[BlackTeam "Sweden"]
[WhiteTeamCountry "UKR"]
[BlackTeamCountry "SWE"]

1. d4 Nf6 2. Nf3 g6 3. g3 Bg7 4. Bg2 d5 5. c4 c6 6. Qb3 Qb6 7. O-O O-O 8. Nc3
Qxb3 (8... Bf5 $142 9. Ne5 (9. h3)) 9. axb3 Na6 10. Bf4 Rd8 11. Rfc1 $5 (11.
Be5) 11... Be6 (11... Bg4 12. Be5 $5 (12. cxd5 Nxd5 (12... Bxf3 13. Bxf3 Nxd5
14. Nxd5 cxd5 15. Ra4 $16) 13. Nxd5 cxd5 14. Ra5 $14)) 12. c5 Ne8 13. Ra4 $1
Nac7 14. Rb4 Rab8 (14... Nb5 15. Nxb5 a5 16. Ra4 cxb5 17. Ra2 Ra6 18. Rca1 Rda8
19. e3 $14) 15. Ra1 a6 16. h3 $5 f6 17. g4 Bf7 18. Bg3 (18. g5 $1 {/\ gf6})
18... Bf8 19. Ra5 $8 e5 $6 20. dxe5 b5 21. Rd4 Bxc5 22. Rd1 Bb6 23. Raa1 d4 (
23... f5 24. gxf5 gxf5 25. e3 $16) 24. Ne4 Bxb3 25. Rdc1 (25. exf6 $1 $18)
25... Bc4 $6 26. exf6 $18 Bd5 27. Ne5 Nd6 28. Nxd6 Rxd6 29. Nxc6 1-0

[Event "Interpolis-03"]
[Site "Tilburg"]
[Date "1979.11.02"]
[Round "2"]
[White "Portisch, Lajos"]
[Black "Hort, Vlastimil"]
[Result "1/2-1/2"]
[WhiteElo "2640"]
[BlackElo "2600"]
[Annotator "Bulletin"]
[PlyCount "116"]
[EventDate "1979.11.01"]
[EventType "tourn"]
[EventRounds "11"]
[EventCountry "NED"]
[EventCategory "15"]
[SourceTitle "MCL"]
[Source "ChessBase"]
[SourceDate "1999.07.01"]
[SourceVersion "1"]
[SourceVersionDate "1999.07.01"]
[SourceQuality "1"]

1. Nf3 Nf6 2. g3 d5 3. Bg2 g6 4. O-O Bg7 5. d4 c6 6. c4 O-O 7. Qb3 Qb6 8. Nc3
Rd8 (8... Be6) 9. Rd1 Qxb3 10. axb3 Bf5 11. Ne1 Na6 (11... e6 $2 12. h3 $1 $16)
12. Ra4 h6 (12... Ne4 $5) 13. Bf4 Ne4 14. cxd5 cxd5 15. f3 $1 (15. Nb5 $2 Bd7
$19) 15... Nxc3 16. bxc3 g5 17. Bd2 e5 18. e3 $14 Nc7 19. Bf1 {/\Sd3} e4 20.
fxe4 Bxe4 21. Nd3 Ne6 22. Rda1 a6 23. Nf2 $6 (23. Be2 {/\24.Sf2+/=}) 23... Bf3
$1 24. g4 $6 (24. Bg2 $5) 24... Nf8 $15 25. Bg2 Bxg2 26. Kxg2 Ng6 27. Ra5 Rd7
28. Kf1 Re8 29. Ke2 Bf6 30. Rf1 Bd8 31. Raa1 Bc7 32. h3 Rde7 $6 (32... Kg7 $5)
33. Kd3 Rd7 34. Nd1 Re6 35. Bc1 b5 36. b4 {/\Sb2-d3-c5} Nh4 37. Rf2 Bg3 (37...
Kg7 $5) 38. Re2 Nf3 39. Kc2 Rc7 $2 (39... Be1 $1 $17) 40. Kb3 Be1 41. Rea2 Ra7
(41... Rcc6 42. e4 $1 $13) 42. Kc2 Kh7 43. Kd3 Bg3 44. Ra5 Rb6 45. Ke2 Rf6 $1
46. Rxb5 Ng1+ 47. Kd3 axb5 48. Rxa7 Nxh3 49. Bd2 $1 (49. e4 $2 dxe4+ 50. Kxe4
Rf1 $19) 49... h5 50. gxh5 Rf3 (50... g4 51. e4 $13) 51. c4 $5 dxc4+ $2 (51...
bxc4+ $1 52. Kc2 g4 $17) 52. Kc2 g4 53. e4 $1 $13 Bf2 54. e5 Kg8 (54... Bxd4 $2
55. e6 Bxa7 56. e7 $18) 55. Nxf2 Rxf2 56. d5 Ng5 57. Kd1 g3 58. Be3 Rf5 (58...
Rf5 59. d6 Ne6 60. Ra8+ Kh7 61. d7 Rxe5 62. Bd4 g2 63. d8=Q Nxd8 64. Rxd8 f6 $1
$10) 1/2-1/2

[Event "Moscow Aeroflot op-A 15th"]
[Site "Moscow"]
[Date "2016.03.09"]
[Round "9"]
[White "Gelfand, Boris"]
[Black "Jumabayev, Rinat"]
[Result "1-0"]
[WhiteElo "2735"]
[BlackElo "2607"]
[Annotator "CB"]
[PlyCount "157"]
[EventDate "2016.03.01"]
[EventType "swiss"]
[EventRounds "9"]
[EventCountry "RUS"]
[SourceTitle "CBM 171"]
[Source "ChessBase"]
[SourceDate "2016.03.14"]
[SourceVersion "2"]
[SourceVersionDate "2016.03.14"]
[SourceQuality "1"]

1. d4 Nf6 2. c4 g6 3. g3 c6 4. Bg2 d5 5. Nf3 Bg7 6. O-O O-O 7. Nbd2 Na6 8. b3
c5 9. Bb2 b6 10. dxc5 Nxc5 11. b4 Ne6 12. cxd5 Nxd5 13. Bxg7 Kxg7 14. Qb3 Bb7 {
Diagramm [#] Schwarz ist solchen symmetrischen Stellungen immer nahe am
Ausgleich, der kleine Entwicklungsvorsprung und Raumvorteil geben Weiß jedoch
etwas Druck.} 15. Rfd1 Nf6 16. Nc4 Qc7 17. Rac1 Rac8 18. Qb2 Qb8 $2 {Diagramm 
[#] ein verständlicher Zug, um die Dame aus der offenen Linie zu nehmen -
Gelfand findet jedoch eine schöne positionelle Idee} (18... Rfd8 $1 $11) 19.
Bh3 $1 b5 20. Bxe6 fxe6 21. Nce5 Rxc1 22. Rxc1 Qd6 23. Qd4 Bd5 24. a3 {Weiß
dominiert auf den schwarzen Feldern, der Ld5 hat hingegen keine Angriffspunkte}
a5 25. Ne1 (25. bxa5 $5 {wäre ein konkreter Versuch gewesen, Gelfand behält
jedoch lieber die vollständige Kontrolle} Qxa3 26. Ra1 Qd6 27. a6 {[%cal Ga6a7]
} b4 28. a7 $16 {[%cal Ge5d3]}) 25... axb4 26. axb4 Bc4 27. Qb2 Qd5 28. Ng2 Rc8
29. Nf4 Qe4 30. f3 Qe3+ 31. Kg2 Kg8 32. Nfd3 {es ist schön anzusehen, mit
welche feinen Manövern der Vizeweltmeister von 2012 seine Stellung Schritt um
Schritt verbessert} g5 33. Nf2 Rd8 34. Nxc4 bxc4 35. Rxc4 Kf7 36. b5 h5 37. Rc3
Rd2 38. Rc2 Rd8 39. Nd3 (39. b6 Rb8 40. b7 Qa7 41. Rc7 Nd5 42. Rc8 $1 Rxb7 43.
Qh8 {hätte sofort gewonnen, kurz vor der Zeitkontrolle entscheidet der Weiße
sich jedoch für eine sichere Abwicklung in ein gewonnenes Endspiel.}) 39... g4
40. Ne5+ Kg7 41. Nc4 Qc5 42. Qa3 Qxa3 43. Nxa3 Ra8 44. Rc3 Nd5 45. Rb3 gxf3+
46. exf3 Nb6 47. Kh3 {Diagramm [#]} Rc8 48. Nb1 Rd8 49. Re3 Kf7 50. f4 Nc4 51.
Re4 Rc8 52. Re2 Nd6 53. Rb2 Rb8 54. Nc3 Nc4 55. Rb4 Nb6 56. Ne4 Nd5 57. Ng5+
Kf6 58. Re4 Nc7 (58... Rxb5 59. Rxe6+ Kg7 60. Re5 Kf6 61. Kh4 Kg6 62. Ne4 $18)
59. Rc4 Nxb5 60. Rb4 e5 (60... Rb7 61. Ne4+ Kg6 62. Nc5 $18) 61. Ne4+ Kf5 62.
Nc3 Nxc3 63. Rxb8 exf4 64. Rf8+ Kg6 65. Rxf4 {Diagramm [#]} Nd5 66. Ra4 Ne3 67.
Re4 Nf5 68. Kg2 Kf6 69. Kf3 Nd6 70. Rf4+ Kg5 71. Ra4 Kf5 72. Rd4 Ne8 73. Rf4+
Kg6 74. Ke4 Nf6+ 75. Ke5 Kf7 76. h3 Kg6 77. Ke6 Kg5 78. h4+ Kg6 79. Kxe7 1-0

[Event "IND-CHN Summit"]
[Site "Hyderabad"]
[Date "2015.03.02"]
[Round "1.1"]
[White "Ding, Liren"]
[Black "Adhiban, Baskaran"]
[Result "1-0"]
[WhiteElo "2755"]
[BlackElo "2646"]
[Annotator "CB"]
[PlyCount "57"]
[EventDate "2015.03.02"]
[EventType "schev"]
[EventRounds "8"]
[EventCountry "IND"]
[SourceTitle "CBM 166"]
[Source "ChessBase"]
[SourceDate "2015.05.11"]
[SourceVersion "1"]
[SourceVersionDate "2015.05.11"]
[SourceQuality "1"]

1. d4 Nf6 2. c4 g6 3. g3 c6 4. Bg2 d5 5. Nf3 Bg7 {The c6-d5 setup against the
fianchetto Grunfeld has proven to be a tough nut to crack. White has expanded
his ideas of searching for an advantage in this opening to moves like Qb3 and
also to stranger looking ones such as Qa4!} 6. Qb3 O-O 7. O-O Qb6 (7... dxc4 8.
Qxc4 {is entirely possible.}) 8. Nc3 Rd8 9. Na4 {Surprisingly this is already
ya rare move. It had been played a couple of times before. Basically
everything else had been tried.} Qa6 $5 (9... Qxb3 10. axb3 Na6 {is probably
the safer way to go about it.}) 10. cxd5 Qxe2 (10... cxd5 11. Nc5 Qxe2 12. Nxb7
$14 {definitely seems more pleasant for White.}) 11. dxc6 Nxc6 12. Re1 Qa6 {
An interesting position. White has some activity but he is playing with an
isolated pawn. If Black successfully finishes his development and blockades d5
he will be better.} 13. Bd2 $1 {Ding Liren play a fantastic move, even though
it looks very simple. The pawn on d4 is hanging, but he does not bother to
defend it, instead sacrificing it in order to open lines for his pieces.} (13.
Be3 $6 {is a clumsy move.} Be6 14. Qd1 Bd5 $15) 13... Nxd4 $6 {accepting the
pawn is too dangerous.} (13... Ng4 $1 {was a strong move, preparing to take on
d4 with the bishop instead of the rook.}) 14. Nxd4 Rxd4 15. Nc5 Qb6 (15... Qc4
16. Bc3 {anyways}) 16. Bc3 Rd8 (16... Qxc5 17. Bxd4 Qxd4 18. Rad1 Qc5 19. Rd8+
{is unplayably miserable. It's the engines top suggestion, but no one in their
right minds would go for this.}) 17. Rxe7 Qxb3 18. axb3 {Unfortunately for
Adhiban White's pieces are simply too active here. The pressure on the
queenside cannot be contained. Ding Liren finishes off with excellent style.}
Nd5 19. Rd1 $1 {Very nice. It is counterintuitive to abandon the pressure on
a7, but the pin is clearly uncomfortable.} (19. Bxd5 Bxc3 $1 (19... Rxd5 20.
Re8+ Bf8 21. Ne4 $18) 20. bxc3 (20. Bxf7+ Kf8 {doesn't work.}) 20... Rxd5 21.
Nxb7 {is better for White also, but not as much as the game.}) 19... Bxc3 20.
bxc3 Be6 21. Rxe6 $1 {A simple tactic for the Chinese player.} fxe6 22. Nxe6 {
The knight cannot move or be defended, it is lost along with the game.} Rd6 23.
Bxd5 Kh8 24. c4 Re8 25. Nd4 Rd7 26. Kg2 Kg7 27. Ra1 a6 28. Ne6+ Kf6 29. Nc5 1-0

[Event "Tbilisi FIDE GP"]
[Site "Tbilisi"]
[Date "2015.02.16"]
[Round "2"]
[White "Giri, Anish"]
[Black "Vachier Lagrave, Maxime"]
[Result "1/2-1/2"]
[WhiteElo "2797"]
[BlackElo "2775"]
[Annotator "CB"]
[PlyCount "82"]
[EventDate "2015.02.15"]
[EventType "tourn"]
[EventRounds "11"]
[EventCountry "GEO"]
[EventCategory "20"]
[SourceTitle "CBM 165"]
[Source "ChessBase"]
[SourceDate "2015.03.11"]
[SourceVersion "1"]
[SourceVersionDate "2015.03.11"]
[SourceQuality "1"]

1. Nf3 Nf6 2. c4 g6 3. g3 Bg7 4. Bg2 d5 5. d4 c6 6. Qb3 O-O 7. O-O dxc4 8. Qxc4
Bf5 9. Nc3 Nbd7 10. Qb3 Qb6 11. Re1 Qxb3 12. axb3 Be6 13. b4 Nd5 14. b5 Nb4 15.
bxc6 bxc6 16. Ra5 c5 $5 {This is the start of some wild complications!} 17. Ng5
(17. dxc5 Nc6 18. Ra3 {should somehow favor Black. It would be interesting to
see what MVL had planned against this.}) 17... cxd4 18. Nxe6 (18. Bxa8 dxc3 {
should just transpose.}) 18... fxe6 19. Bxa8 dxc3 20. bxc3 (20. Rxa7 cxb2 21.
Bxb2 Bxb2 22. Rxd7 Rxa8 23. Rxe7 {is a position that only White can win, but
the odds of that happening seem somewhat low. The two pieces should be good
enough to hold the draw.} (23. Rb7 Ba3 $1 $17) (23. Rb1 Ra1 $11)) 20... Bxc3
21. Rd1 Rxa8 22. Rxd7 Nd3 $1 {This is the point - Black is attacking that
bishop on c1 and the rook on a5. White cannot d efend both.} 23. Ra2 $1 Nxc1
24. Rc2 {A nice fork! The bishop on c3 is not under attack currently because
of Ne2+, but the knight has to move!} Nxe2+ 25. Rxe2 a5 26. Rxe6 Bf6 {And at
the end of the strange sequence we arrive to this situation. Giri is up an
exchange but Black has his powerful passed pawn on the a-file. It's a very
difficult position to win.} 27. Rb6 a4 28. Rbb7 a3 29. Ra7 Rxa7 30. Rxa7 Bb2
31. Ra6 Kf7 32. g4 h5 33. gxh5 gxh5 34. Kg2 e6 35. f4 (35. Kf3 Kf6 36. Kf4 Be5+
$11) 35... Ke7 36. Kg3 Kd7 37. Kh4 Kc7 38. Kxh5 Kb7 39. Ra4 Kc6 40. Kg6 Kb5 41.
Ra8 Kb4 {Black will win the rook and White has no time to take all the pawns.
For example:} (41... Kb4 42. Kf7 Bc1 $11) 1/2-1/2

[Event "EU-ch 4th"]
[Site "Istanbul"]
[Date "2003.06.12"]
[Round "12"]
[White "Dautov, Rustem"]
[Black "Guseinov, Gadir"]
[Result "1/2-1/2"]
[WhiteElo "2611"]
[BlackElo "2505"]
[Annotator "Dautov,R"]
[PlyCount "74"]
[EventDate "2003.05.30"]
[EventType "swiss"]
[EventRounds "13"]
[EventCountry "TUR"]
[SourceTitle "CBM 096"]
[Source "ChessBase"]
[SourceDate "2003.09.25"]
[SourceVersion "1"]
[SourceVersionDate "2003.09.25"]
[SourceQuality "1"]

1. d4 Nf6 2. c4 g6 3. g3 c6 4. Nf3 d5 5. Qa4 {Ein seltener Zug. Will Weiß die
Symmetrie nach 5. cxd5 cxd5 vermeiden, spielt er meistens 5. Qb3.} Nbd7 ({Nach
} 5... Bg7 6. cxd5 {kann Schwarz nicht 6...cxd5 spielen - dies ist die
Hauptidee von 5.Qa4.}) 6. cxd5 Nb6 7. Qb3 cxd5 8. Bg2 Bg7 9. O-O O-O 10. Nc3 {
Nun hofft Weiß, das bekannte Prinzip über die Deplatzierung des Springer auf
b6 unter Beweis zu stellen.} Ne4 11. a4 {Ein Versuch der Verbesserung
gegenüber meiner Partie gegen Svidler.} (11. Bf4 Nxc3 12. bxc3 Bf5 13. a4 Qd7
14. a5 Nc4 15. Nd2 Rac8 16. Rfe1 e5 $1 17. dxe5 Nxd2 18. Bxd2 Bxe5 19. Qxd5
Qxd5 20. Bxd5 Rfd8 21. e4 Bxe4 22. Bxe4 Rxd2 23. Bxb7 {Remis, Dautov,R-Svidler,
P/Ordix Open 25' 2002}) 11... Bg4 ({Schwarz könnte durchaus 11...Bf5
fortsetzen:} 11... Bf5 12. a5 Nc4 13. Qxb7 Nxa5 14. Qb5 Nxc3 15. bxc3 Nc4 16.
Nd2 Nxd2 17. Bxd2 e6 18. Ra6 Qb8 $11) 12. Bf4 Qd7 13. Rfe1 $1 {Der Bauer e2
bedarf in vielen Varianten des Turmschutzes. Als erstes droht Weiß nun mit dem
Tausch auf e4, gefolgt von Nf3-e5.} (13. Nxe4 dxe4 14. Ne5 Bxe5 15. dxe5 Bxe2
16. Rfe1 Bf3 $11) 13... Nxc3 14. bxc3 Nc4 15. Nd2 Rac8 (15... Nxd2 16. Bxd2
Rfd8 17. e4 $1 dxe4 18. Bxe4 $14 {[%csl Rb7] ><b7}) 16. a5 $1 $14 {Eine
wichtige Fixierung der zukünftigen Schwäche b7. Nichts versprach dagegen die
unmittelbare Öffnung der e-Linie. Die entstanden Stellung ist fast identisch
mit der aus der Partie Dautov-Svidler (s. die Anmerkung zum 11.Bf4), aber der
schwarze Läufer steht auf g4, was für Schwarz eher von Nachteil ist.} (16. Nxc4
Rxc4 17. e4 Rfc8 18. Re3 dxe4 19. Bxe4 b6 $11) 16... e5 $1 {Es drohte bereits
17.Nxc4 Rxc4 18.e4, und mein jungen Gegner, der o.g. Partie sicherlich kundig,
öffnet korrekterweise das Zentrum.} (16... Nxd2 17. Bxd2 Rfd8 18. e4 $14) 17.
dxe5 Nxd2 18. Bxd2 Bxe5 19. Qxd5 {Der Beginn der großen Tauschaktion. Weiß
bekommt in den meisten Varianten einen Mehrbauern, aber Schwarz behält
hervorragende Remischancen.} (19. Bxd5 Rfd8 20. e4 Bf3 21. Re3 Bxe4 22. Bxe4
Qxd2 23. Bxg6 hxg6 24. Rxe5 Qxc3 25. Qxc3 Rxc3 26. Re7 Rb3 $11) (19. Rab1 Bf5
20. Rb2 d4 $132) 19... Qxd5 20. Bxd5 Rfd8 21. e4 Bxc3 ({Ebenfalls in Frage kam
21...Be6.} 21... Be6 22. Bg5 (22. Bxe6 $5 fxe6 23. Red1 Rd3 24. Be1 Bxc3 25.
Rxd3 Bxa1 26. Kf1 Rc7 27. f4 $14) 22... Rd7 23. Rad1 Bxc3 24. Bxe6 Rxd1 25.
Bxf7+ Kxf7 26. Rxd1 $14) 22. Bxc3 Rxc3 23. Reb1 Rc7 $2 {Schwarz hatte mehrere
Möglichkeiten, und der Partiezug ist nicht die beste von ihnen. Der aktive
schwarze Turm wird nun abgetauscht. Wahrscheinlich übersah Guseinov meinen 26.
Zug.} (23... Bf3 24. Rxb7 (24. Bxb7 Rd2 25. e5 g5 26. a6 (26. Bxf3 Rxf3 27.
Rb8+ Kg7 28. Rf1 Ra3 $11) 26... g4 $11) 24... Rdc8 25. Re1 Rc1 26. Kf1 R8c7 27.
a6 Kg7 $14) (23... Rd7 24. Rxb7 Rxb7 25. Bxb7 Bf3 26. a6 $14) (23... b6 24.
axb6 axb6 25. Rxb6 Rd7 $14) 24. Rxb7 Rxb7 25. Bxb7 Bf3 26. a6 $1 $16 {Dank
dieser Finesse kann Weiß weiter auf Gewinn spielen. Der gegnerische Läufer
wird nach e5-e5 abgetauscht bzw. verdrängt.} Rd7 $2 ({Zäher war} 26... g5 27.
e5 g4 28. h3 h5 29. Bxf3 gxf3 30. Ra3 Rd1+ 31. Kh2 Re1 32. Rxf3 Rxe5 33. Rf6
$16) 27. Rb1 Rd2 28. e5 Be2 29. Rc1 $1 {Der Turm gehört auf die offene Linie.}
({Weniger klar war} 29. f4 $2 Ra2 30. Bd5 Ra5 $1 (30... Rxa6 $2 31. Rb7 $18)
31. Rb8+ Kg7 32. Rd8 Bb5 $1 $14) 29... g5 (29... Ra2 30. Rc8+ Kg7 31. Rc7 $16)
30. f4 g4 $1 {Diesen Zug hielt ich für schwach und übersah vollkommen die
damit verbundene Rettungsidee.} 31. Rc7 $6 ({Genauer war} 31. Rc8+ $1 Kg7 32.
Rc7 $18) 31... h5 32. f5 $5 (32. Bc8 Bb5 $1) 32... Bb5 33. Bc8 $4 {[%mdl 8192]
Ich sah immer noch nicht, was droht. Mit 5 Minuten gegen 2 hatte ich für die
Überlegungen genügend Zeit, aber die Stellung war mir "klar"- Weiß gewinnt
problemlos.} ({Nach} 33. Rc5 $1 {sollte Weiß in der Tat mühelos gewinnen.} Bd7
(33... Bd3 34. Rc8+ Kg7 35. Rd8 $18) 34. f6 $18) 33... Re2 $1 $11 {Erst hier
dämmerte mir, daß ein Dauerschach Re1-e2 droht. Zu spät! Die langen Bemühungen
um das +4-Score waren plötzlich umsonst.} 34. Rc1 Rxe5 35. h3 Kg7 36. hxg4 hxg4
37. Rc2 Bd3 1/2-1/2

[Event "Olympiad-31"]
[Site "Moscow"]
[Date "1994.12.11"]
[Round "10.3"]
[White "Giorgadze, Giorgi"]
[Black "Sakaev, Konstantin"]
[Result "0-1"]
[WhiteElo "2565"]
[BlackElo "2555"]
[Annotator "Dolmatov,S"]
[PlyCount "136"]
[EventDate "1994.12.01"]
[EventType "team-swiss"]
[EventRounds "14"]
[EventCountry "RUS"]
[SourceTitle "CBM 045"]
[Source "ChessBase"]
[SourceDate "1995.04.01"]
[SourceVersion "1"]
[SourceVersionDate "1995.04.01"]
[SourceQuality "1"]
[WhiteTeam "Georgia"]
[BlackTeam "Russia II"]
[WhiteTeamCountry "GEO"]
[BlackTeamCountry "RUS"]

1. Nf3 {Hecht} Nf6 2. g3 g6 3. b3 Bg7 4. Bb2 d5 5. c4 c6 6. Bg2 O-O 7. O-O Re8
$6 8. d4 Bf5 9. Nc3 (9. Nbd2 $14 Ne4 $6 10. Nh4 Nxd2 11. Qxd2 (11. Nxf5 $2 Nxf1
12. Nxg7 Kxg7 13. Qxf1 $15) 11... Be6 12. Rac1 Nd7 13. e4 $14) 9... Ne4 10. Rc1
(10. Nh4 Nxc3 11. Bxc3 Be6 $10) 10... Nxc3 11. Bxc3 Be4 $10 12. Qd2 Nd7 13.
Rfd1 a5 14. Bh3 $2 (14. Ne1 Bxg2 15. Nxg2 $10) 14... Bxf3 15. exf3 e6 $15 16.
cxd5 $6 (16. Bf1 Qb6 17. a4 $15) 16... cxd5 17. Bf1 Qb6 18. a4 Nb8 (18... Qxb3
$2 19. Bb5 Red8 20. Bxa5 $18) 19. b4 (19. Bb5 Nc6 20. f4 Rec8) 19... axb4 20.
Bxb4 Rxa4 21. Bc5 $17 Qa5 22. Qb2 (22. Qxa5 Rxa5 23. Rb1 Na6 (23... Nd7 $2 24.
Bb5 Rd8 25. Be7) 24. Bb6 Ra2 25. Ra1 Rxa1 26. Rxa1 Rc8 $17) 22... Nc6 23. Rc2 (
23. Bb5 Ra2 24. Qb3 Ra8) 23... Nb4 (23... Ra8 24. Bb5 (24. Bb6 Qb4) 24... Ra1
$19) 24. Rc3 Ra8 25. Rdc1 h5 (25... Na2 $6 26. Bb6 Qb4 27. Rc8+ Bf8 $13) 26.
Rb3 Ra2 27. Qb1 Nc6 (27... Na6 28. Bxa6 (28. Rd1 Nxc5 29. Rb5 Qc3 30. dxc5 Qxf3
$19) 28... Qd2 29. Rf1 R8xa6 30. Rxb7 Bxd4 31. Rb8+ Kg7 32. Qb7 $13) 28. Rd1
Ra1 29. Qd3 (29. Qxa1 Qxa1 30. Rxa1 Rxa1 31. Rxb7 Nxd4 32. Bxd4 Bxd4 $17) 29...
Rxd1 30. Qxd1 Qa4 $6 31. Bb5 Qa1 32. Rb1 Qa2 33. Rc1 Qb2 (33... Ra5 $17) 34.
Rb1 Qc3 35. Rc1 Qa5 36. Rb1 Qc3 37. Rc1 Qa5 38. Rb1 Qa2 39. Rc1 Qa5 40. Rb1 Bf6
41. f4 Qa2 42. Rc1 Qb2 43. Rb1 Qc3 44. Rc1 Qb2 45. Rb1 Qa2 46. Rc1 Ra5 47. Bxc6
(47. Rb1 Nxd4 48. Bxd4 Bxd4 $19) 47... bxc6 48. f5 exf5 49. Qe1 Ra8 50. Qe3 Qb2
51. Re1 Kg7 52. Kg2 (52. h4 Ra1 53. Rxa1 Qxa1+ 54. Kg2 $17) 52... h4 53. Qf4
Rh8 54. Qe3 h3+ 55. Kf1 Ra8 56. Kg1 Ra1 57. Kf1 Ra2 58. Qe2 Qxe2+ 59. Rxe2 Ra4
(59... Rxe2 60. Kxe2 g5 $19) 60. Rd2 $19 {Hecht:White's position is hopeless,
he has a 'bad' B and a wek pawn at h2!} Ra1+ 61. Ke2 Rh1 62. Rd1 Rxh2 63. Bd6
g5 64. Bc7 g4 65. Bf4 (65. Bb6 {Hecht} f4 $19) 65... Bxd4 $19 66. Rxd4 Rh1 67.
Rb4 h2 68. Be5+ f6 0-1

[Event "Keres Memorial-05"]
[Site "Tallinn"]
[Date "1985.03.14"]
[Round "15"]
[White "Drasko, Milan"]
[Black "Pribyl, Josef"]
[Result "1-0"]
[WhiteElo "2460"]
[BlackElo "2405"]
[Annotator "Dolmatov,S"]
[PlyCount "105"]
[EventDate "1985.02.21"]
[EventType "tourn"]
[EventRounds "15"]
[EventCountry "URS"]
[EventCategory "9"]
[SourceTitle "MCL"]
[Source "ChessBase"]
[SourceDate "1999.07.01"]
[SourceVersion "1"]
[SourceVersionDate "1999.07.01"]
[SourceQuality "1"]

1. Nf3 Nf6 2. c4 g6 3. d4 Bg7 4. g3 O-O 5. Bg2 c6 6. O-O d5 7. Nbd2 Bf5 8. b3
Qa5 $6 (8... a5 $5) (8... Ne4 $5 9. Bb2 Nd7 10. Nh4 Nxd2 11. Qxd2 Be6 12. e4
dxe4 13. Bxe4 Bh3 14. Rfe1 Re8 $10) 9. Nh4 (9. Bb2 Ne4 10. a3 Nd7 11. b4 Qd8
12. Qb3 $14) 9... Qc3 $2 10. Ba3 (10. Nxf5 $2 Qxa1 11. Nxg7 Qxd4 $17) 10... Ne4
$6 (10... Re8 $5 11. Nxf5 gxf5 12. e3 Nbd7 13. Qc1 Qxc1 14. Raxc1 $14) 11. Nxf5
gxf5 (11... Nxd2 12. Nxe7+ Kh8 13. cxd5 Nxf1 14. Qxf1 $16) 12. Nxe4 fxe4 13.
Bxe7 Re8 14. Bg5 dxc4 15. Rc1 $2 (15. e3 $5 cxb3 16. axb3 Na6 17. Qg4 $16)
15... Qa5 16. Bd2 Qxa2 17. Rxc4 (17. bxc4 $6 Bxd4 18. Bc3 Bxc3 19. Rxc3 Na6 20.
Qc1) 17... Nd7 18. Ra4 Qb2 19. Bc1 Qb1 (19... Qc3 20. Rc4 Qa5 21. Qc2 $16) 20.
Ra5 h6 21. d5 (21. Rh5 $6 Nf6 22. Rh4 Rad8 23. Bxh6 Qxd1 24. Rxd1 Bxh6 25. Rxh6
Kg7 26. Rh4 c5 $13) 21... b6 22. dxc6 Ne5 (22... bxa5 23. cxd7 Red8 24. Bf4
Qxd1 25. Rxd1 f5 26. Bh3 $18) 23. Ra4 Nxc6 24. Qd5 Ne7 25. Qb5 (25. Qxe4 Qxb3
26. Qg4 f5 27. Qh4 Ng6) 25... a6 (25... f5 26. Bxh6 $18) 26. Rxa6 Qc2 27. Be3
$18 Rad8 28. Bxb6 Rb8 29. Qc4 Qxc4 30. bxc4 Nf5 31. e3 Rbc8 32. c5 Bf8 33. Rc1
Rc6 34. Ra4 Rec8 35. Bxe4 (35. Rac4 Nd6 36. cxd6 Rxc4 37. Rxc4 Rxc4 38. d7 Be7
39. d8=Q+ Bxd8 40. Bxd8 $18) 35... Rxb6 36. Bxf5 Rxc5 37. Rg4+ Kh8 38. Rxc5
Bxc5 39. Bd3 Rb4 40. Bc4 f5 41. Rg8+ Kh7 42. Be6 Rb5 43. Rd8 Bb4 44. Bc4 Re5
45. Bd3 Kg7 46. Rd4 Bc5 47. Rf4 Kg6 48. g4 Kg5 49. Rxf5+ Rxf5 50. Bxf5 h5 51.
h3 h4 52. Kg2 Bd6 53. Kf3 1-0